000 00675nam a2200265Ia 4500
005 20260121173459.0
008 008 260114s9999 xx 000 0 eng d
020 _a9783031135620
037 _aEBOOK
040 _aCRL
040 _beng
040 _cCRL
041 _2eng
041 _aeng
084 _qCRL
100 _aDina Siegel, Aleksandras Dobryninas, Stefano Becucci
_91101408
245 0 _aCovid-19, Society and Crime in Europe
260 _bSpringer
260 _bSpringer
260 _c2022
856 _uhttps://link.springer.com/openurl?genre=book&isbn=978-3-031-13562-0
942 _cEBOOK
999 _c1667153
_d1667153